The secret wife : (Record no. 152222)

MARC details
000 -LEADER
fixed length control field 00598nam a22001817a 4500
005 - DATE AND TIME OF LATEST TRANSACTION
control field 20180523125104.0
010 ## - LCCN (DPL NO)
LC control number ENG-123082
020 ## - INTERNATIONAL STANDARD BOOK NUMBER
International Standard Book Number 9789386582386
Terms of availability 599.00
035 ## - SYSTEM CONTROL NUMBER
System control number EN-106614
037 ## - SOURCE OF ACQUISITION
Source of stock number/acquisition DBAD/PUB
082 ## - DEWEY DECIMAL CLASSIFICATION NUMBER
Classification number 808.883
100 ## - MAIN ENTRY--PERSONAL NAME
Personal name Paul, Janice Campbell
245 ## - TITLE STATEMENT
Title The secret wife :
Statement of responsibility, etc by Janice Campbell Paul
Remainder of title memoirs of an american missionary in india and nepal /
260 ## - PUBLICATION, DISTRIBUTION, ETC. (IMPRINT)
Place of publication, distribution, etc New Delhi
Name of publisher, distributor, etc Speaking Tiger Publishing
Date of publication, distribution, etc 2017
270 ## - ADDRESS
Address 4381/4, Ansari Road, Daryaganj,
City New Delhi
Postal code 110002
300 ## - PHYSICAL DESCRIPTION
Extent 352p.
Dimensions 22cm.(pbk)
942 ## - ADDED ENTRY ELEMENTS (KOHA)
Source of classification or shelving scheme Dewey Decimal Classification
Item type English Books
Classification part 808.883
Call number suffix PAU
Holdings
Withdrawn status Lost status Not for loan Collection code Home library Current library Date acquired Source of acquisition Cost, normal purchase price Full call number Barcode Copy number Cost, replacement price Koha item type
    Not For Loan Non-fiction D.B.Act.Division Bawana 23/05/2018 DBAD/PUB 599.00 808.883 PAU EN-106614 1 599.00 English Books

© Delhi Public Library
Hit Counter
free hit counter